000 00587nam a2200181 a 4500
001 000046874
005 20201002053156.0
008 180404s2014 dr a 000 0 spa d
020 _z0789945083675
040 _aDO-SdBNP
_bspa
_cBNPHU
082 _axxxx
_bxxxx
100 1 _aJean, Janclo,
_d1969-
_974823
245 1 3 _aEl tabernaculo de Moises :
_buna revelación de Dios /
_cJanclo Jean.
260 _aSanto Domingo :
_bCM Publicidad,
_c2014.
300 _a83 p. :
_bil. ;
_c21 cm.
500 _aIncluye datos biográficos del autor en la contracubierta
590 _aInventariado, 2018/BT
999 _c46363
_d46363